000
00310nam a2200109Ia 4500
008
160609s9999 xx 000 0 und d
245
_a
Digital Photography Complete Course
245
_c
By:DK Publishing
260
_c
2015
650
_x
DIGITAL PHOTOGRAPHY
856
_u
http://file.ebook777.com/DigPhoComCou.pdf
999
_c
295751
_d
295751